00494nam a2200145Ia 4500008004100000020001800041082001400059100002900073245006500102260001400167500001500181942000700196952013000203999001500333260604s9999 xx 000 0 und d a9781108451031 a158.1 PAR aThomas d. parsons935820 0aEthical Challenges in Digital Psychology and Cyberpsychology bCambridge aPsychology cBK 00104070aIIMVbIIMVcGENERALd2026-06-04g4264.20l0o158.1 PARp004271r2026-06-04 10:21:05v4264.20w2026-06-04yBKBPAR c8653d8653